01632nab a2200241uuc4500001000800000005001700008008004100025035001200066035002100078040001300099041000800112100004700120245009000167520084300257650002501100650002301125650002401148650004301172700004901215773009701264942001001361999001901371105781520241025091700.0071122e20070601 spa  a1057815 a(OCoLC)820277887 ccomduadb aspa10aSuarez G., Miguel Andres4auteaut944532110aLista de especies de los escarabajos fruteros (Melolonthidae: Cetoniinae) de Colombia3 aRESUMEN : Las características particulares tanto de los adultos como de las larvas, han llevado a algunos autores a considerarlos como un grupo independiente dentro de la familia Scarabaeidae. Varios autores latinoamericanos siguen la propuesta de Endrodi, (1966), quién considera a los Cetoninos, como una subfamilia dentro de la familia Melolonthidae. La revisión supragenérica de Krikken, (1984), eleva este grupo a un nivel de familia Cetoniidae, incluyendo en ella a las subfamilias Cetoniinae, Trichinae y Valginae las cuales conforman grupo monofilético relacionado con los Rutelinae-Dynastinae (Morón & Deloya, 1997) Esta propuesta es seguida por la escuela americana, sin embargo aún no existe un consenso entre los especialistas latinos y americanos. En el presente trabajo se adopta la propuesta latinoamericana.  aColeópteros952475 aEscarabajos925058 aMelolontidos960588 7aBiodiversidadzColombia2embne921881910aAmat García, Germán D.4auteaut93179670 tBiota Colombiana (Bogotá)gVol. 08, No. 01, Jun. 2007, p. 69-76w622333x0124-53760158974 cARIMP c435535d435535